The remarkable journey of Prince Jen / (Record no. 77)

MARC details
000 -LEADER
fixed length control field 01059nam a22003137a 4500
001 - CONTROL NUMBER
control field 77
003 - CONTROL NUMBER IDENTIFIER
control field FISKH
005 - DATE AND TIME OF LATEST TRANSACTION
control field 20231208115932.0
008 - FIXED-LENGTH DATA ELEMENTS--GENERAL INFORMATION
fixed length control field 230307b cb ||||| |||| 00| 0 eng d
010 ## - LIBRARY OF CONGRESS CONTROL NUMBER
LC control number 91013720
020 ## - INTERNATIONAL STANDARD BOOK NUMBER
International Standard Book Number 0525448268
040 ## - CATALOGING SOURCE
Original cataloging agency DLC
Transcribing agency DLC
Modifying agency DLC
Language of cataloging eng
042 ## - AUTHENTICATION CODE
Authentication code lcac
050 00 - LIBRARY OF CONGRESS CALL NUMBER
Classification number PZ7.A3774
Item number Re 1991
082 00 - DEWEY DECIMAL CLASSIFICATION NUMBER
Edition number 1991
Classification number LB2614.A45
Item number 305.235096891
100 1# - MAIN ENTRY--PERSONAL NAME
Personal name Alexander, Lloyd
245 14 - TITLE STATEMENT
Title The remarkable journey of Prince Jen /
Statement of responsibility, etc. Lloyd Alexander
260 ## - PUBLICATION, DISTRIBUTION, ETC.
Place of publication, distribution, etc. New York :
Name of publisher, distributor, etc. Puffin Books,
Date of publication, distribution, etc. 1991
300 ## - PHYSICAL DESCRIPTION
Extent 273 pages :
Other physical details
Dimensions 22 cm
505 ## - FORMATTED CONTENTS NOTE
Formatted contents note T
520 ## - SUMMARY, ETC.
Summary, etc. Bearing six unusual gifts, young Prince Jen embarks on a perilous quest and emerges triumphantly into manhood.
521 8# - TARGET AUDIENCE NOTE
Target audience note 790
Source Lexile
521 8# - TARGET AUDIENCE NOTE
Target audience note T
Source Raz-Plus
650 #1 - SUBJECT ADDED ENTRY--TOPICAL TERM
Topical term or geographic name entry element Princes
General subdivision Fiction.
650 #1 - SUBJECT ADDED ENTRY--TOPICAL TERM
Topical term or geographic name entry element Fantasy.
906 ## - LOCAL DATA ELEMENT F, LDF (RLIN)
a 7
b cbc
c orignew
d 1
e ocip
f 19
g y-gencatlg
942 ## - ADDED ENTRY ELEMENTS (KOHA)
Source of classification or shelving scheme Dewey Decimal Classification
Koha item type Books
Edition 1991
Suppress in OPAC No
Holdings
Withdrawn status Lost status Source of classification or shelving scheme Damaged status Not for loan Collection Home library Current library Shelving location Date acquired Total Checkouts Full call number Barcode Date last seen Price effective from Koha item type
    Library of Congress Classification     Juvenile Fiction Footprints International School Library Network Toul Kork Campus Footprints International School Library Network Toul Kork Campus TTP Secondary Fiction Bookshelves 02/21/2023   ALE 813.54 PZ7.A3774 FIS00774 02/21/2023 02/21/2023 Books